Bedknobs and Broomsticks Trivia - Statistics

General Stats
  • This quiz has been taken 7 times
  • The average score is 12 of 21
Answer Stats
Question Answer % Correct
What piece of furniture allows the children to travel to anywhere? A bed
100%
What animal is the king of that island? A lion
86%
What does the witch turn one of the brothers into? A rabbit
86%
Which war was going on during the film? WWII
86%
How far to the left does he need to turn it A quarter
71%
What attacks the priest when he visits the witch's house Night gown
71%
What is the name of the youngest brother? Paul
71%
Which famous London market do they visit? Portobello Road
71%
What does the youngest brother need to turn to travel? Bedknob
57%
What colour is the glass the youngest brother carries in his pocket? Blue
57%
What is the name of the sister? Carrie
57%
What is the name of the witch's cat? Cosmic Creepers
57%
What is the name of the character who plays the witch? Eglantine Price
57%
What is the name of the fictional island they all travel to? Isle of Naboombu
57%
What is the name of the spell she is trying to learn? Substitutiary Locomotion
57%
What splashes in the witch's teacher's face when he is juggling? Gravy
43%
What is the name of the village everyone is living in? Pepperinge Eye
29%
What is the name of the supposed witch's teacher? Professor Browne
29%
What is the name of the famous star? Star of Asteroth
29%
How much was the piano valued at, at the famous street market? Five pounds
14%
What is the name of the gangsta side-kick? Swigburn
14%
No matching quizzes found
Score Distribution
Percent of People with Each Score
Percentile by Number Answered
Your Score History
You have not taken this quiz